00673nam a2200229 a 4500001001300000003000900013005001700022008004100039020000800080082001600088100002600104245003300130260003800163300000800201500003500209505002600244700002600270902000800296942000700304952011500311999001700426nice12345678IN_TiNIC20260116015109.0050524s1997 teha grp 000 0 eng  ac000a340.59bALB aAlbalagh Foundation,  aWork and Production in Islam aTehranbAlbalagh Foundationc1997 a39p aincludes index and biblioraphy2 aSelected Bibliography1 aAlbalagh Foundation,  bSRS cBK 001040708StackRoom-aHMIbHMId2005-05-24g0.00l0o340.59 ALBp11000462r2005-05-24v0.00w2005-05-24yBK c18302d18302